00527 2200169 4500245005200000020002200052250001100074100001900085650002300104005001900127260003700146041001400183084000800197500010800205490003500313336000900348 aCuaca dan Iklim Volume 14cA. Ari DartoyohText a978-602-7706-14-9 aCet. 1 aA. Ari Dartoyo aEnsiklopedia Sains a20231108104030 aJakartabIndonesia Printerc2012 aIndonesia a503 aDaftar Isi : Klimatologi, Faktor-faktor Permukaan, Fenomena Meteorologis, Meteorologi, Perubahan Iklim. aEnsiklopedia Sains Spektakuler atext